Political Culture in Sri Lanka (Record no. 308)

MARC details
000 -LEADER
fixed length control field 006360000a22002050004500
003 - CONTROL NUMBER IDENTIFIER
control field LK-CoMWRAF
008 - FIXED-LENGTH DATA ELEMENTS--GENERAL INFORMATION
fixed length control field 230817t1988 ||||| |||| 00| 0 eng d
020 ## - INTERNATIONAL STANDARD BOOK NUMBER
International Standard Book Number 9555920060
040 ## - CATALOGING SOURCE
Original cataloging agency LK-CoMWRAF
Modifying agency LK-CoMWRAF
Description conventions LK-CoMWRAF
041 ## - LANGUAGE CODE
Language code of text/sound track or separate title English
082 ## - DEWEY DECIMAL CLASSIFICATION NUMBER
Classification number 321
Item number POL
942 ## - ADDED ENTRY ELEMENTS (KOHA)
Koha item type Conference Proceeding
111 ## - MAIN ENTRY--MEETING NAME
Meeting name or jurisdiction name as entry element NATIONAL WORKSHOP ON POLITICAL CULTURE IN SRI LANKA
Location of meeting (Colombo
Date of meeting 25 July 1987)
700 ## - ADDED ENTRY--PERSONAL NAME
Personal name De Silva, C.R
relator term editor
700 ## - ADDED ENTRY--PERSONAL NAME
Personal name Wesumperuma, D.
relator term editor
245 ## - TITLE STATEMENT
Title Political Culture in Sri Lanka
260 ## - PUBLICATION, DISTRIBUTION, ETC. (IMPRINT)
Place of publication, distribution, etc. Colombo:
Name of publisher, distributor, etc. Sri Lanka Foundation Institute,
Date of publication, distribution, etc. 1988
300 ## - PHYSICAL DESCRIPTION
Extent 102 p. ; 26 cm.
650 ## - SUBJECT ADDED ENTRY--TOPICAL TERM
Topical term or geographic name as entry element POLITICAL CULTURE--Sri Lanka--Congresses
Holdings
Withdrawn status Lost status Damaged status Not for loan Permanent Location Current Location Date acquired Full call number Barcode Koha item type
        Resource center, Muslim Women's Research And Action Forum Resource center, Muslim Women's Research And Action Forum 2023-08-17 321 POL RAF1873 Books

Copyright © 2023 Muslim Women's Research and Action Forum (MWRAF), No 27/3, Anderson Road, Kalubowila, Dehiwela. Funded by The Asia Fundation